00396nam a2200145Ia 4500008004100000020001500041041001200056082001600068100001600084245006600100260004900166300000800215650001400223700001300237221030s9999 xx 000 0 und d a0852261721 aEnglish a105.23bDog aS. K. Dogra 0aPhysical Chemistry Through Problemscby S. K. Dogra, S. Dogra bNew Age International Pub.aNew Delhic2006 a674 aChemistry aS. Dogra